समकालीन दलित कहानियाँ / (Record no. 15613)

MARC details
000 -LEADER
fixed length control field 01236nam a22002657a 4500
005 - DATE AND TIME OF LATEST TRANSACTION
control field 20080923150833.0
008 - FIXED-LENGTH DATA ELEMENTS--GENERAL INFORMATION
fixed length control field 080923t xxu||||| |||| 00| m hin d
010 ## - LCCN (DPL NO)
LC control number HIN-84159
020 ## - INTERNATIONAL STANDARD BOOK NUMBER
Terms of availability 195.00
035 ## - SYSTEM CONTROL NUMBER
System control number HN-56505
037 ## - SOURCE OF ACQUISITION
Source of stock number/acquisition DBAD / PUB
040 ## - CATALOGING SOURCE
Original cataloging agency DPL
Language of cataloging HN
082 ## - DEWEY DECIMAL CLASSIFICATION NUMBER
Classification number 820.0355
245 ## - TITLE STATEMENT
Title समकालीन दलित कहानियाँ /
Statement of responsibility, etc कुसुम ' वियोगी' द्वारा सम्पादित
246 ## - VARYING FORM OF TITLE
Title proper/short title Samkaaliina dalita kahaaniyan
Remainder of title by Kusum ' Viyogi '
260 ## - PUBLICATION, DISTRIBUTION, ETC. (IMPRINT)
Place of publication, distribution, etc दिल्ली
Name of publisher, distributor, etc जागृति प्रकाशन
Date of publication, distribution, etc 2008
270 ## - ADDRESS
Address 30/64, गली नं.-8, विश्वासनगर, शाहदरा
City दिल्ली
Postal code 110032
300 ## - PHYSICAL DESCRIPTION
Extent 144प.
Dimensions 22सेमी(सजिल्द)
650 ## - SUBJECT ADDED ENTRY--TOPICAL TERM
Topical term or geographic name as entry element हिन्दी साहित्य
650 ## - SUBJECT ADDED ENTRY--TOPICAL TERM
Topical term or geographic name as entry element Hindi literature
650 ## - SUBJECT ADDED ENTRY--TOPICAL TERM
Topical term or geographic name as entry element Dalit
General subdivision Social conditions
Geographic subdivision India
700 ## - ADDED ENTRY--PERSONAL NAME
Personal name कुसुम ' वियोगी '
942 ## - ADDED ENTRY ELEMENTS (KOHA)
Source of classification or shelving scheme Dewey Decimal Classification
Item type Hindi Books
Classification part 820.0355
Call number suffix समका
Holdings
Withdrawn status Lost status Source of classification or shelving scheme Damaged status Not for loan Home library Current library Date acquired Source of acquisition Cost, normal purchase price Total Checkouts Full call number Barcode Date last seen Copy number Cost, replacement price Koha item type
    Dewey Decimal Classification   Not For Loan D.B.Act.Division D.B.Act.Division 23/09/2008 DBAD/PUB 195.00   820.0355 समका HN-56505 23/09/2008 1 195.00 Hindi Books

© Delhi Public Library
Hit Counter
free hit counter